Pays les plus dangereux d'Asie - Statistiques

Statistiques générales
  • Ce quiz a été pris 397 fois
  • Le résultat moyen est 6 sur 10
Statistiques - réponses
Top Pays % Correct
1 Afghanistan
81%
10 Inde
81%
3 Irak
80%
4 Pakistan
79%
2 Syrie
73%
5 Yémen
56%
8 Bangladesh
52%
7 Liban
45%
6 Myanmar
37%
9 Philippines
31%
Aucun quiz correspondant
Distribution des résultats
% des personnes avec chaque résultat
Percentile par nombre de réponses
Votre historique - résultats
Vous n’avez pas pris ce quiz